00353nam a2200145 a 4500008004100000020001500041050001700056100001700073245002000090260003100110300002000141350000900161650001200170700002500182120416s1980 ||||||||||||||||| || u a0070517339 aQA 154.2 Ree aRees, Paul K10aCollege algebra aLondon:bMcGraw-Hillc1980 axv, 509p. : ill a0.00 0aALGEBRA aRees, Charles Sparks